World Heritage for the nation - identifying, protecting and promoting our world heritage (Record no. 109054)

MARC details
000 -LEADER
fixed length control field 01674cad a22002415a 4500
001 - CONTROL NUMBER
control field L146115
008 - FIXED-LENGTH DATA ELEMENTS--GENERAL INFORMATION
fixed length control field 081211s2008 xxkad f f000 0 eng d
035 ## - SYSTEM CONTROL NUMBER
System control number (Sirsi) u146115
041 0# - LANGUAGE CODE
Language code of text/sound track or separate title eng
050 04 - LIBRARY OF CONGRESS CALL NUMBER
Classification number 690.241 $2 18
110 2# - MAIN ENTRY--CORPORATE NAME
Corporate name or jurisdiction name as entry element United Kingdom
Subordinate unit Department for Culture, Media and Sport
245 00 - TITLE STATEMENT
Title World Heritage for the nation - identifying, protecting and promoting our world heritage
Remainder of title a consultation paper
Medium [electronic resource]
260 ## - PUBLICATION, DISTRIBUTION, ETC.
Place of publication, distribution, etc. London
Name of publisher, distributor, etc. DCMS
Date of publication, distribution, etc. 2008
505 2# - FORMATTED CONTENTS NOTE
Formatted contents note World Heritage policy review -- World Heritage Sites, current position -- WHC position on future nominations -- Costs and benefits of World Heritage Site status -- Future nominations for World Heritage Site status -- Alternative designations -- Future protection, management and promotion of World Heritage Sites -- Equalities impact assessment -- Next steps and how to respond
520 ## - SUMMARY, ETC.
Summary, etc. Consultation on World Heritage Sites in the UK seeks to assess to what extent our treatment of these sites supports government interests. Seeks to examine the costs, responsibilities and benefits of World Heritage Site status. Also aims to help create a new policy for clarifying or strengthening the legal protections for these sites and for the creation of future sites with this status.
520 ## - SUMMARY, ETC.
Summary, etc. All responses must be received by 25 February 2009.
521 ## - TARGET AUDIENCE NOTE
Target audience note Advanced
590 ## - LOCAL NOTE (RLIN)
Local note KA
651 #4 - SUBJECT ADDED ENTRY--GEOGRAPHIC NAME
Geographic name United Kingdom
Chronological subdivision
690 ## - LOCAL SUBJECT ADDED ENTRY--TOPICAL TERM (OCLC, RLIN)
Topical term or geographic name as entry element BUILT ENVIRONMENT-BUILDING MAINTENANCE AND REFURBISHMENT-BUILDING CONSERVATION
856 40 - ELECTRONIC LOCATION AND ACCESS
Uniform Resource Identifier <a href="https://www.culture.gov.uk/reference_library/consultations/5629.aspx">https://www.culture.gov.uk/reference_library/consultations/5629.aspx</a>
Public note View the item free of charge online at www.culture.gov.uk...
942 ## - ADDED ENTRY ELEMENTS (KOHA)
Suppress in OPAC 0
Holdings
Withdrawn status Lost status Source of classification or shelving scheme Damaged status Not for loan Home library Current library Shelving location Date acquired Total Checkouts Full call number Barcode Date last seen Copy number Price effective from Koha item type
    Dewey Decimal Classification     Virtual Virtual Online 11/12/2008   ONLINE PUBLICATION 146115-1001 06/08/2019 1 06/08/2019 Book